[Event "26. Copenhagen Open  (Politiken Cup)"]
[Site "Taastrup"]
[Date "2004.07.26"]
[Round "4"]
[White "Jensen, Soren G"]
[Black "Christensen, Aage Niels"]
[Result "1-0"]
[WhiteElo "2090"]
[BlackElo "1554"]
[PlyCount "67"]
[EventDate "2004.07.24"]
[EventType "swiss"]
[EventRounds "10"]
[EventCountry "DEN"]
[SourceDate "2004.01.01"]

1. d4 Nf6 2. c4 e6 3. Nc3 Bb4 4. Qc2 c5 5. dxc5 Bxc5 6. Nf3 O-O 7. Bg5 Be7 8.
e3 d6 9. Be2 Nbd7 10. O-O h6 11. Bh4 b6 12. Rfd1 Bb7 13. b3 d5 14. cxd5 Nxd5
15. Bxe7 Qxe7 16. Nxd5 Bxd5 17. Rac1 Nf6 18. Nd4 Qb7 19. f3 Rac8 20. Qb2 Rxc1
21. Rxc1 Rc8 22. Kf2 Rxc1 23. Qxc1 Qa8 24. Qc7 Ne8 25. Qe7 Nf6 26. Ba6 Qb8 27.
g3 Qe5 28. Qd8+ Kh7 29. Bd3+ g6 30. Qf8 Qc7 31. h4 h5 32. e4 Bb7 33. Nb5 Qd7
34. Nd6 1-0

[Event "26. Copenhagen Open  (Politiken Cup)"]
[Site "Taastrup"]
[Date "2004.07.26"]
[Round "4"]
[White "Jorgensen, Dennis"]
[Black "Helin, Mikael"]
[Result "0-1"]
[WhiteElo "2180"]
[BlackElo "1939"]
[PlyCount "60"]
[EventDate "2004.07.24"]
[EventType "swiss"]
[EventRounds "10"]
[EventCountry "DEN"]
[SourceDate "2004.01.01"]

1. Nf3 c5 2. c4 Nc6 3. Nc3 e5 4. g3 h6 5. Bg2 g5 6. d3 Bg7 7. e3 Nge7 8. Nd2 d6
9. a3 O-O 10. O-O f5 11. Rb1 a5 12. Nd5 Ng6 13. b4 axb4 14. axb4 f4 15. bxc5
dxc5 16. Ne4 g4 17. exf4 exf4 18. Nxf4 Nge5 19. Nxc5 Nd4 20. Bd5+ Kh8 21. Be3
Nef3+ 22. Kh1 Rxf4 23. Bxf4 Qe8 24. h4 Qh5 25. Nb3 Nf5 26. Bxf3 gxf3 27. Nd2
Nd4 28. Re1 Ne2 29. Be3 Bf5 30. Kh2 Qg4 0-1

[Event "26. Copenhagen Open  (Politiken Cup)"]
[Site "Taastrup"]
[Date "2004.07.26"]
[Round "4"]
[White "Kaimer, Thomas"]
[Black "Ramme, Christoph"]
[Result "0-1"]
[WhiteElo "2237"]
[BlackElo "2089"]
[PlyCount "78"]
[EventDate "2004.07.24"]
[EventType "swiss"]
[EventRounds "10"]
[EventCountry "DEN"]
[SourceDate "2004.01.01"]

1. e4 c5 2. Nf3 d6 3. d4 cxd4 4. Nxd4 Nf6 5. Nc3 g6 6. Bc4 Bg7 7. O-O O-O 8.
Re1 Nc6 9. h3 Nxd4 10. Qxd4 Bd7 11. Bg5 h6 12. Bh4 g5 13. Bg3 Nh5 14. Qe3 Nxg3
15. Qxg3 Rc8 16. Bb3 b5 17. f4 gxf4 18. Qxf4 a5 19. a4 b4 20. Nd5 Rc6 21. Qh4
Kh7 22. Qxe7 Qxe7 23. Nxe7 Rc5 24. Rad1 Re8 25. Nd5 Bxb2 26. e5 Kg7 27. Nf6 Re7
28. Nxd7 Rxd7 29. Rxd6 Re7 30. e6 fxe6 31. Rexe6 Rxe6 32. Rxe6 Re5 33. Rc6 Bd4+
34. Kh2 Rc5 35. Ra6 Be5+ 36. Kg1 Bd4+ 37. Kf1 Re5 38. g4 h5 39. Kg2 hxg4 0-1

[Event "26. Copenhagen Open  (Politiken Cup)"]
[Site "Taastrup"]
[Date "2004.07.26"]
[Round "4"]
[White "Kallenbach, Uffe"]
[Black "Larsen, Alex"]
[Result "1-0"]
[WhiteElo "1445"]
[BlackElo "1182"]
[PlyCount "93"]
[EventDate "2004.07.24"]
[EventType "swiss"]
[EventRounds "10"]
[EventCountry "DEN"]
[SourceDate "2004.01.01"]

1. d4 Nf6 2. c4 e6 3. Nf3 b6 4. Nc3 Bb7 5. Qc2 c5 6. e4 Nc6 7. d5 Nd4 8. Qd3
Nxf3+ 9. Qxf3 exd5 10. cxd5 a6 11. a4 d6 12. Bd3 Be7 13. O-O O-O 14. Qg3 Nd7
15. f4 Bc8 16. e5 Bh4 17. Qe3 dxe5 18. fxe5 Re8 19. Qe4 g6 20. e6 f5 21. Qf4
Qf6 22. exd7 Bxd7 23. Be3 g5 24. Qf3 Qe5 25. Bf2 g4 26. Qd1 Bxf2+ 27. Rxf2 f4
28. Qd2 Qd4 29. Ne2 Qe3 30. Nxf4 Qxd2 31. Rxd2 Re3 32. Re2 Rxe2 33. Bxe2 Rf8
34. Ne6 Bxe6 35. dxe6 Re8 36. Bxg4 Kg7 37. Rd1 b5 38. axb5 axb5 39. Rd7+ Kh6
40. Rc7 c4 41. Rb7 Kg5 42. Bh3 Kf4 43. Rxb5 Rd8 44. Kf2 Rd2+ 45. Ke1 c3 46.
bxc3 Ra2 47. e7 1-0

[Event "26. Copenhagen Open  (Politiken Cup)"]
[Site "Taastrup"]
[Date "2004.07.26"]
[Round "4"]
[White "Korolev, Nikolaj"]
[Black "Abrahamsson, Daniel"]
[Result "1/2-1/2"]
[WhiteElo "2148"]
[BlackElo "1803"]
[PlyCount "73"]
[EventDate "2004.07.24"]
[EventType "swiss"]
[EventRounds "10"]
[EventCountry "DEN"]
[SourceDate "2004.01.01"]

1. e4 d5 2. exd5 Nf6 3. Bb5+ Bd7 4. Bc4 Bg4 5. f3 Bh5 6. Nc3 c6 7. dxc6 Nxc6 8.
d3 e5 9. Nh3 Bc5 10. Nf2 O-O 11. O-O Re8 12. Bg5 h6 13. Bxf6 gxf6 14. Qd2 Kh7
15. Nce4 Bb6 16. Ng3 Bg6 17. Kh1 f5 18. Rfe1 f4 19. Nf1 Qd4 20. Nh3 Qxb2 21.
Rab1 Qd4 22. c3 Qd7 23. Nf2 f5 24. Re2 Re7 25. Rbe1 Rae8 26. Nd1 Bh5 27. Nb2
Nd4 28. Rf2 Nxf3 29. Rxf3 Bxf3 30. gxf3 Rg7 31. d4 exd4 32. Rxe8 Qxe8 33. Qxf4
dxc3 34. Qxf5+ Kh8 35. Qf6 cxb2 36. Qxh6+ Rh7 37. Qf6+ 1/2-1/2

[Event "26. Copenhagen Open  (Politiken Cup)"]
[Site "Taastrup"]
[Date "2004.07.26"]
[Round "4"]
[White "Larsen, Allan"]
[Black "Nilssen, John Arni"]
[Result "1/2-1/2"]
[WhiteElo "2158"]
[BlackElo "2414"]
[PlyCount "123"]
[EventDate "2004.07.24"]
[EventType "swiss"]
[EventRounds "10"]
[EventCountry "DEN"]
[SourceDate "2004.01.01"]

1. e4 c5 2. d3 Nc6 3. g3 g6 4. Bg2 Bg7 5. f4 e6 6. Nf3 Nge7 7. O-O O-O 8. c3 d5
9. Na3 b6 10. Re1 Qd7 11. e5 f6 12. d4 fxe5 13. fxe5 Ba6 14. Nc2 cxd4 15. Ncxd4
Nxd4 16. cxd4 Rac8 17. Bh3 h6 18. Bd2 Nc6 19. Bc3 Qf7 20. Bg2 g5 21. Qd2 Qg6
22. Re3 Rf7 23. b4 Ne7 24. g4 Rf4 25. h3 Qf7 26. a4 Bc4 27. Ra3 Ng6 28. Qd1 Bf8
29. Be1 a5 30. Bg3 Bxb4 31. Ra1 Re4 32. Rxe4 dxe4 33. Nd2 Bxd2 34. Qxd2 Bd3 35.
Rc1 Rxc1+ 36. Qxc1 Qd7 37. Qe3 Qd5 38. Qxd3 exd3 39. Bxd5 exd5 40. Kf2 Nf8 41.
Ke3 Kf7 42. Kxd3 Ne6 43. Ke3 Ke7 44. h4 Kd7 45. hxg5 hxg5 46. Be1 Kc6 47. Kd3
Kb7 48. Bd2 Ka6 49. Kc3 b5 50. axb5+ Kxb5 51. Bc1 Ka4 52. Be3 Ka3 53. Bf2 Ka2
54. Kc2 a4 55. Be3 a3 56. Bf2 Nd8 57. Be3 Nc6 58. e6 Nb4+ 59. Kc3 Nc6 60. Kc2
Nb4+ 61. Kc3 Nc6 62. Kc2 1/2-1/2

[Event "26. Copenhagen Open  (Politiken Cup)"]
[Site "Taastrup"]
[Date "2004.07.26"]
[Round "4"]
[White "Larsen, Knud"]
[Black "Konstatinov, Maxim"]
[Result "0-1"]
[WhiteElo "1965"]
[BlackElo "1517"]
[PlyCount "96"]
[EventDate "2004.07.24"]
[EventType "swiss"]
[EventRounds "10"]
[EventCountry "DEN"]
[SourceDate "2004.01.01"]

1. e4 c5 2. d3 Nc6 3. Be3 d6 4. g3 Qb6 5. Qc1 e5 6. Bh3 Nf6 7. Bxc8 Rxc8 8. Nc3
Nd4 9. Nce2 d5 10. exd5 Nxd5 11. c3 Nxe2 12. Nxe2 Be7 13. O-O Qg6 14. Qd2 O-O
15. f4 exf4 16. Nxf4 Nxf4 17. Bxf4 Rcd8 18. Rf3 Rd7 19. d4 cxd4 20. cxd4 Bc5
21. Rd3 Rfd8 22. Be3 h5 23. Rd1 h4 24. d5 Qb6 25. Bxc5 Qxc5+ 26. Kg2 hxg3 27.
hxg3 Rd6 28. Qc3 Qb5 29. Qe5 Qc4 30. b3 Qc2+ 31. R3d2 Qc5 32. Qe7 Qb5 33. Qg5
a5 34. Qf5 Qd7 35. Qf3 a4 36. Qd3 axb3 37. axb3 b6 38. Rh1 f6 39. Rh5 Kf7 40.
Qf3 Qb5 41. Rd1 Qc5 42. Qd3 Qa5 43. g4 Qa2+ 44. Kg3 Qa8 45. g5 Qb8 46. Kg2 Qc8
47. g6+ Kg8 48. Qf3 Qc2+ 0-1

[Event "26. Copenhagen Open  (Politiken Cup)"]
[Site "Taastrup"]
[Date "2004.07.26"]
[Round "4"]
[White "Laursen, Steen"]
[Black "Zyde, Fadmal"]
[Result "0-1"]
[WhiteElo "1302"]
[BlackElo "1522"]
[PlyCount "50"]
[EventDate "2004.07.24"]
[EventType "swiss"]
[EventRounds "10"]
[EventCountry "DEN"]
[SourceDate "2004.01.01"]

1. c4 e5 2. Nf3 Nc6 3. d3 Nf6 4. e3 d5 5. b3 dxc4 6. bxc4 e4 7. dxe4 Qxd1+ 8.
Kxd1 Nxe4 9. Ke1 Be7 10. Bb2 O-O 11. Bd3 Bb4+ 12. Ke2 Nd6 13. Nc3 Na5 14. Nd2
Be6 15. Nd5 Bxd2 16. Nxc7 Rac8 17. Nxe6 fxe6 18. c5 Ndc4 19. Bd4 e5 20. Bxc4+
Nxc4 21. Kd3 exd4 22. exd4 b5 23. Rhf1 Bg5 24. Rae1 Rfd8 25. Re4 Nd2 0-1

[Event "26. Copenhagen Open  (Politiken Cup)"]
[Site "Taastrup"]
[Date "2004.07.26"]
[Round "4"]
[White "Lavrsen, Frands Winther"]
[Black "Olsson, Tomas"]
[Result "0-1"]
[WhiteElo "1772"]
[BlackElo "2099"]
[PlyCount "70"]
[EventDate "2004.07.24"]
[EventType "swiss"]
[EventRounds "10"]
[EventCountry "DEN"]
[SourceDate "2004.01.01"]

1. f4 Nf6 2. Nf3 d5 3. e3 g6 4. Be2 Bg7 5. O-O c5 6. d4 Qc7 7. c3 O-O 8. a4 Rd8
9. Na3 a6 10. b4 Ne4 11. Bd2 c4 12. Ng5 Nxg5 13. fxg5 e5 14. e4 exd4 15. Bf4
Qb6 16. cxd4 Qxd4+ 17. Kh1 Qxa1 18. Qxa1 Bxa1 19. Rxa1 dxe4 20. Nxc4 Be6 21.
Nd6 Bd5 22. Rd1 Bb3 23. Rd4 b5 24. Rxe4 bxa4 25. Nb7 Bd5 26. Nxd8 Bxe4 27. Bc4
Nd7 28. Nxf7 Kg7 29. Nd6 Nb6 30. Ba2 Bd5 31. Bb1 Kg8 32. Kg1 a3 33. Ne4 Bxe4
34. Bxe4 a2 35. Be5 Re8 0-1

[Event "26. Copenhagen Open  (Politiken Cup)"]
[Site "Taastrup"]
[Date "2004.07.26"]
[Round "4"]
[White "Lie, Kjetil A"]
[Black "Hansen, Curt"]
[Result "1/2-1/2"]
[WhiteElo "2459"]
[BlackElo "2635"]
[PlyCount "84"]
[EventDate "2004.07.24"]
[EventType "swiss"]
[EventRounds "10"]
[EventCountry "DEN"]
[SourceDate "2004.01.01"]

1. c4 e5 2. g3 Nf6 3. Bg2 Nc6 4. Nc3 Bb4 5. Nd5 Bc5 6. e3 O-O 7. Ne2 Re8 8. O-O
d6 9. d3 Bg4 10. h3 Bh5 11. a3 Nxd5 12. cxd5 Ne7 13. g4 Bg6 14. d4 Bb6 15. e4
exd4 16. Nxd4 c6 17. Bf4 cxd5 18. exd5 Qd7 19. Re1 Rac8 20. Be3 a6 21. Qf3 Bd3
22. Ne6 Bxe3 23. Rxe3 Bb5 24. Nf4 Ng6 25. Nxg6 Rxe3 26. Qxe3 hxg6 27. Re1 Qc7
28. Qd4 Qc2 29. Re7 Rc4 30. Qe3 Qxb2 31. Rxb7 Qc1+ 32. Qxc1 Rxc1+ 33. Kh2 Kf8
34. Rb6 Ke7 35. a4 Bxa4 36. Rxa6 Rc4 37. Ra7+ Bd7 38. g5 f6 39. gxf6+ gxf6 40.
Bf1 Rc5 41. Bg2 Rc4 42. Bf1 Rc5 1/2-1/2

[Event "26. Copenhagen Open  (Politiken Cup)"]
[Site "Taastrup"]
[Date "2004.07.26"]
[Round "4"]
[White "Lie, Terje"]
[Black "Laato, Tuomas"]
[Result "0-1"]
[WhiteElo "1094"]
[BlackElo "1394"]
[PlyCount "100"]
[EventDate "2004.07.24"]
[EventType "swiss"]
[EventRounds "10"]
[EventCountry "DEN"]
[SourceDate "2004.01.01"]

1. d4 d5 2. c4 c6 3. Nc3 Nf6 4. cxd5 cxd5 5. Bg5 e6 6. Nf3 h6 7. Bh4 g5 8. Bg3
Bd7 9. e3 Bb4 10. a3 Ba5 11. b4 Bb6 12. Be2 Nc6 13. O-O Rc8 14. Rc1 g4 15. Ne5
h5 16. Bh4 Bc7 17. Nxc6 Bxc6 18. Nb5 Bb8 19. Rc2 b6 20. Nc3 Qc7 21. Bg3 Qd7 22.
Qc1 h4 23. Be5 Bxe5 24. dxe5 Ng8 25. Bxg4 d4 26. Rd2 Qe7 27. exd4 Qg5 28. h3 f5
29. exf6 Nxf6 30. f4 Qh6 31. Bxe6 Rc7 32. Re2 Re7 33. Qe3 Kf8 34. f5 Qg7 35.
Rf4 Rh5 36. Qe5 Rg5 37. d5 Bd7 38. Rxh4 Bxe6 39. dxe6 Rc7 40. Ne4 Rc1+ 41. Kh2
Ng4+ 42. Rxg4 Qxe5+ 43. Ng3 Qg7 44. e7+ Ke8 45. Nh5 Qh6 46. f6 Qxh5 47. f7+
Qxf7 48. Rxg5 Qf4+ 49. Rg3 Rc3 50. a4 Qxg3+ 0-1

[Event "26. Copenhagen Open  (Politiken Cup)"]
[Site "Taastrup"]
[Date "2004.07.26"]
[Round "4"]
[White "Lovik, Lasse Ostebo"]
[Black "Auchenberg, Einar"]
[Result "1-0"]
[WhiteElo "1267"]
[BlackElo "1486"]
[PlyCount "69"]
[EventDate "2004.07.24"]
[EventType "swiss"]
[EventRounds "10"]
[EventCountry "DEN"]
[SourceDate "2004.01.01"]

1. e4 e5 2. Nf3 Nc6 3. Bc4 Bc5 4. d3 Nf6 5. Nc3 h6 6. Be3 d6 7. Bxc5 dxc5 8.
Bb5 Qd6 9. Bxc6+ bxc6 10. Nd2 Ba6 11. O-O O-O-O 12. a3 g5 13. Qe2 h5 14. Qe3 g4
15. Nb3 Nd7 16. Na4 c4 17. Qxa7 cxb3 18. Qxa6+ Kb8 19. cxb3 c5 20. Qb5+ Kc8 21.
Rfc1 c6 22. Qa5 Qxd3 23. Qa8+ Nb8 24. Nb6+ Kc7 25. Qa7+ Kd6 26. Rd1 Ke6 27.
Rxd3 Rxd3 28. Qa4 Rd4 29. b4 Rhd8 30. g3 Rxe4 31. Qb3+ Ke7 32. bxc5 Na6 33.
Nc8+ Kd7 34. Qxf7+ Kxc8 35. Qf5+ 1-0

[Event "26. Copenhagen Open  (Politiken Cup)"]
[Site "Taastrup"]
[Date "2004.07.26"]
[Round "4"]
[White "Lund-Petersen, Rasmus"]
[Black "Mortensen, Jan T"]
[Result "1/2-1/2"]
[WhiteElo "1678"]
[BlackElo "2028"]
[PlyCount "104"]
[EventDate "2004.07.24"]
[EventType "swiss"]
[EventRounds "10"]
[EventCountry "DEN"]
[SourceDate "2004.01.01"]

1. d4 f5 2. g3 Nf6 3. Bg2 g6 4. c3 Bg7 5. Nd2 d5 6. Ngf3 O-O 7. Ne5 Nh5 8. Ndf3
f4 9. O-O c6 10. Nd3 fxg3 11. fxg3 Bf5 12. Nf4 Nxf4 13. Bxf4 Qb6 14. Qd2 Nd7
15. Bh6 e5 16. Bxg7 Kxg7 17. Kh1 Rae8 18. a4 exd4 19. Nxd4 Be4 20. Rxf8 Bxg2+
21. Kxg2 Nxf8 22. Rf1 Qc7 23. Qg5 Qe5 24. Qf4 Qxf4 25. Rxf4 c5 26. Nb5 Rxe2+
27. Rf2 Rxf2+ 28. Kxf2 a6 29. Nc7 d4 30. cxd4 cxd4 31. Kf3 Kf6 32. Ke4 d3 33.
Kxd3 Ke5 34. Kc4 Nd7 35. Ne8 Nb6+ 36. Kb4 Nd5+ 37. Kc5 Ne3 38. Kb6 Nc4+ 39.
Kxb7 Nxb2 40. a5 Nc4 41. Kxa6 Kf5 42. Kb5 Nxa5 43. Kxa5 h5 44. h3 Ke4 45. g4 h4
46. Nd6+ Kf3 47. Nf7 Kf4 48. Kb4 Kg3 49. Ng5 Kf4 50. Ne6+ Kg3 51. Ng5 Kf4 52.
Ne6+ Kg3 1/2-1/2

[Event "26. Copenhagen Open  (Politiken Cup)"]
[Site "Taastrup"]
[Date "2004.07.26"]
[Round "4"]
[White "Lynge, Torben"]
[Black "Hein, Jacob"]
[Result "1-0"]
[WhiteElo "1916"]
[BlackElo "1351"]
[PlyCount "153"]
[EventDate "2004.07.24"]
[EventType "swiss"]
[EventRounds "10"]
[EventCountry "DEN"]
[SourceDate "2004.01.01"]

1. e4 e6 2. d4 d5 3. Nd2 c5 4. dxc5 Bxc5 5. Nb3 Bb6 6. exd5 Qh4 7. Qe2 Ne7 8.
Nf3 Qh5 9. dxe6 fxe6 10. Qb5+ Qxb5 11. Bxb5+ Bd7 12. Bxd7+ Nxd7 13. O-O O-O 14.
Re1 e5 15. Be3 Rac8 16. c3 Nf5 17. Bxb6 axb6 18. Nxe5 Nxe5 19. Rxe5 Rce8 20.
Rae1 Rxe5 21. Rxe5 Nd6 22. g3 Nc4 23. Re7 Nxb2 24. Rxb7 Ra8 25. Rxb6 Rxa2 26.
Rc6 Nd3 27. f4 Rc2 28. Nd4 Rc1+ 29. Kg2 Nb2 30. Nf3 Nd3 31. Ne5 Nxe5 32. fxe5
Kf8 33. Kf3 g5 34. c4 h5 35. e6 Ke8 36. Rc7 Kd8 37. Rd7+ Ke8 38. Rd4 Ke7 39.
Re4 Rc3+ 40. Kg2 Rc2+ 41. Kg1 Rc1+ 42. Kf2 Rc2+ 43. Kf3 Rc3+ 44. Re3 Rxc4 45.
Re5 Kf6 46. Re2 Ke7 47. Ke3 Kxe6 48. Kf3+ Kf5 49. Ra2 Rc3+ 50. Kf2 Kg4 51. Kg2
Rc5 52. Rf2 h4 53. h3+ Kh5 54. g4+ Kg6 55. Rf3 Rc2+ 56. Rf2 Rc3 57. Rf3 Rc2+
58. Kf1 Rc4 59. Ke2 Rf4 60. Rxf4 gxf4 61. Kf3 Kg5 62. Ke4 f3 63. Kxf3 Kh6 64.
Ke4 Kg5 65. Ke5 Kg6 66. Kf4 Kf6 67. g5+ Kg6 68. Kg4 Kh7 69. Kxh4 Kg6 70. Kg4
Kg7 71. Kf5 Kf7 72. g6+ Kg7 73. Kg5 Kg8 74. Kf6 Kf8 75. g7+ Kg8 76. h4 Kh7 77.
Kf7 1-0

[Event "26. Copenhagen Open  (Politiken Cup)"]
[Site "Taastrup"]
[Date "2004.07.26"]
[Round "4"]
[White "Manley, Christian"]
[Black "Frisk, Ellinor"]
[Result "1/2-1/2"]
[WhiteElo "1670"]
[BlackElo "2007"]
[PlyCount "55"]
[EventDate "2004.07.24"]
[EventType "swiss"]
[EventRounds "10"]
[EventCountry "DEN"]
[SourceDate "2004.01.01"]

1. c4 e5 2. Nc3 Nc6 3. d3 g6 4. g3 Bg7 5. Bg2 Nge7 6. f4 d6 7. Rb1 O-O 8. Nf3
f5 9. Bd2 Rb8 10. O-O Kh8 11. Qc1 Be6 12. e4 fxe4 13. Nxe4 Nf5 14. fxe5 dxe5
15. Nc5 Bg8 16. Kh1 Qd6 17. b4 b6 18. Na6 Rbe8 19. b5 Nce7 20. Nb4 Nd4 21. Nxd4
Rxf1+ 22. Qxf1 Qxd4 23. Qe2 Be6 24. Bg5 Nf5 25. Nc6 Qd6 26. Qe4 Bd7 27. Re1 h6
28. Bc1 1/2-1/2

[Event "26. Copenhagen Open  (Politiken Cup)"]
[Site "Taastrup"]
[Date "2004.07.26"]
[Round "4"]
[White "Mathiesen, Erik"]
[Black "Sammalvuo, Niina"]
[Result "0-1"]
[WhiteElo "2112"]
[BlackElo "2268"]
[PlyCount "86"]
[EventDate "2004.07.24"]
[EventType "swiss"]
[EventRounds "10"]
[EventCountry "DEN"]
[SourceDate "2004.01.01"]

1. e4 e5 2. Nf3 Nc6 3. d4 exd4 4. Nxd4 Nf6 5. Nxc6 bxc6 6. Bd3 d5 7. e5 Nd7 8.
e6 Qe7 9. O-O fxe6 10. c4 Qf7 11. cxd5 cxd5 12. Qc2 Bd6 13. f4 g6 14. Be3 c5
15. b3 O-O 16. Nd2 a5 17. Nf3 Ba6 18. Bxa6 Rxa6 19. Ng5 Qf6 20. Qe2 Raa8 21.
Rad1 Rfe8 22. Qb5 Qe7 23. Rde1 Nf8 24. Bd2 Qc7 25. Qd3 c4 26. bxc4 dxc4 27. Qh3
Bb4 28. Bc3 Qa7+ 29. Kh1 Rad8 30. Rd1 Qf2 31. Ne4 Rxd1 32. Rxd1 Qc2 33. Re1 Rd8
34. Bxb4 axb4 35. Nf6+ Kg7 36. Ng4 Rd1 37. Qh6+ Kf7 38. Ne5+ Ke8 39. Qh4 b3 40.
axb3 cxb3 41. h3 b2 42. Rxd1 Qxd1+ 43. Kh2 b1=Q 0-1

[Event "26. Copenhagen Open  (Politiken Cup)"]
[Site "Taastrup"]
[Date "2004.07.26"]
[Round "4"]
[White "Moen, Andreas"]
[Black "Jacobsen, Hans Endrup"]
[Result "1/2-1/2"]
[WhiteElo "2267"]
[BlackElo "2102"]
[PlyCount "63"]
[EventDate "2004.07.24"]
[EventType "swiss"]
[EventRounds "10"]
[EventCountry "DEN"]
[SourceDate "2004.01.01"]

1. d4 Nf6 2. c4 e6 3. Nc3 Bb4 4. Qc2 O-O 5. e4 Bxc3+ 6. bxc3 d6 7. Bd3 e5 8.
Ne2 c5 9. O-O Nc6 10. f4 Ne8 11. Be3 Qe7 12. Rad1 b6 13. Nc1 Ba6 14. Nb3 cxd4
15. cxd4 Nb4 16. Qc3 Nxd3 17. Qxd3 Rc8 18. Rc1 d5 19. exd5 e4 20. Qe2 Nf6 21.
f5 Nxd5 22. Nd2 Qa3 23. Rfe1 Rfe8 24. Qf2 Nb4 25. Qg3 f6 26. Nb1 Qa4 27. Nc3
Qd7 28. Qg4 Nd3 29. Nxe4 Rxe4 30. Qxe4 Nxe1 31. Rxe1 Bxc4 32. a3 1/2-1/2

[Event "26. Copenhagen Open  (Politiken Cup)"]
[Site "Taastrup"]
[Date "2004.07.26"]
[Round "4"]
[White "Moller, Arne"]
[Black "Asbjornsson, Ingvar"]
[Result "1/2-1/2"]
[WhiteElo "1936"]
[BlackElo "1275"]
[PlyCount "91"]
[EventDate "2004.07.24"]
[EventType "swiss"]
[EventRounds "10"]
[EventCountry "DEN"]
[SourceDate "2004.01.01"]

1. e4 c5 2. Nf3 d6 3. d4 cxd4 4. Nxd4 Nf6 5. Nc3 g6 6. Be2 Bg7 7. O-O O-O 8.
Kh1 Nc6 9. Be3 Bd7 10. f4 Nxd4 11. Bxd4 Bc6 12. Bf3 a6 13. Nd5 Nd7 14. Bxg7
Kxg7 15. c4 e6 16. Nc3 Nb6 17. Qd4+ f6 18. Rad1 Kf7 19. b3 Ke7 20. c5 Nc8 21.
cxd6+ Qxd6 22. Qe3 Qc7 23. Nd5+ Bxd5 24. exd5 e5 25. fxe5 Qxe5 26. Qc5+ Qd6 27.
Rfe1+ Kd7 28. Qd4 Qb6 29. Bg4+ Kd8 30. d6 Qxd4 31. Rxd4 f5 32. Bf3 Ra7 33. Re6
Kd7 34. Re1 Nxd6 35. Bd5 Rf6 36. Rh4 h5 37. Rd4 b5 38. Rd3 f4 39. Red1 Rc7 40.
R3d2 Rc3 41. Bb7 a5 42. Bf3 Ke7 43. Re1+ Re6 44. Red1 Rf6 45. Re1+ Re6 46. Red1
1/2-1/2

[Event "26. Copenhagen Open  (Politiken Cup)"]
[Site "Taastrup"]
[Date "2004.07.26"]
[Round "4"]
[White "Moller, Frederik Oest"]
[Black "Larsen, Arne"]
[Result "1-0"]
[WhiteElo "1832"]
[BlackElo "1823"]
[PlyCount "97"]
[EventDate "2004.07.24"]
[EventType "swiss"]
[EventRounds "10"]
[EventCountry "DEN"]
[SourceDate "2004.01.01"]

1. e4 g6 2. d4 Bg7 3. c4 c5 4. d5 d6 5. Bd3 Nf6 6. f4 b5 7. Nc3 b4 8. Nce2 O-O
9. Nf3 e6 10. O-O exd5 11. cxd5 Nbd7 12. Rb1 a5 13. h3 Re8 14. Qc2 a4 15. Ng3
Qb6 16. Bc4 Ba6 17. b3 Bxc4 18. bxc4 Qa6 19. Bb2 Nb6 20. Nd2 a3 21. Ba1 Qa7 22.
Rbe1 Nfd7 23. Bxg7 Kxg7 24. Nb1 Na4 25. Qd3 Nb2 26. Qe2 Nb6 27. Nd2 N6a4 28.
Qg4 Kh8 29. f5 Qe7 30. f6 Qf8 31. Ne2 Nd3 32. Ra1 Qh6 33. Nf3 Nc3 34. Nxc3 bxc3
35. Ng5 Qf8 36. Qg3 Ne5 37. Qxc3 h6 38. Nf3 Qg8 39. Rab1 g5 40. g4 Qg6 41. Nd2
h5 42. Qg3 hxg4 43. hxg4 Qh6 44. Kg2 Kg8 45. Rf5 Rab8 46. Rh1 Qg6 47. Qh3 Kf8
48. Qh8+ Qg8 49. Qh6+ 1-0

[Event "26. Copenhagen Open  (Politiken Cup)"]
[Site "Taastrup"]
[Date "2004.07.26"]
[Round "4"]
[White "Mortensen, Erling"]
[Black "Bjerke, Richard"]
[Result "1-0"]
[WhiteElo "2455"]
[BlackElo "2232"]
[PlyCount "79"]
[EventDate "2004.07.24"]
[EventType "swiss"]
[EventRounds "10"]
[EventCountry "DEN"]
[SourceDate "2004.01.01"]

1. e4 e6 2. d4 d5 3. Nc3 Bb4 4. e5 c5 5. a3 Ba5 6. b4 cxd4 7. Nb5 Bc7 8. f4 Ne7
9. Nf3 Bd7 10. Nxc7+ Qxc7 11. Bd3 a6 12. Bb2 Nbc6 13. O-O Rc8 14. Qe2 Nf5 15.
Rf2 Ne3 16. Nxd4 Nc4 17. Bc3 Nxd4 18. Bxd4 g6 19. g4 Qd8 20. Rf3 Qe7 21. Rh3
Nxa3 22. Bc5 Rxc5 23. bxc5 Qxc5+ 24. Qf2 Qc3 25. Rf1 Qb4 26. Qh4 Nb5 27. Qf6
Qf8 28. f5 gxf5 29. gxf5 Rg8+ 30. Rg3 Rxg3+ 31. hxg3 Qg8 32. Kh2 Nd4 33. g4
exf5 34. e6 Nxe6 35. gxf5 Qg4 36. fxe6 Bxe6 37. Qf4 Qh3+ 38. Kg1 Kd7 39. Rb1
Qh5 40. Rxb7+ 1-0

[Event "26. Copenhagen Open  (Politiken Cup)"]
[Site "Taastrup"]
[Date "2004.07.26"]
[Round "4"]
[White "Munk, Poul"]
[Black "Jorgensen, Mikkel"]
[Result "0-1"]
[WhiteElo "1992"]
[BlackElo "1680"]
[PlyCount "56"]
[EventDate "2004.07.24"]
[EventType "swiss"]
[EventRounds "10"]
[EventCountry "DEN"]
[SourceDate "2004.01.01"]

1. c4 Nf6 2. Nc3 d6 3. g3 e5 4. Bg2 Be7 5. Nf3 O-O 6. O-O c6 7. d3 Nbd7 8. e3
Ne8 9. d4 f5 10. dxe5 dxe5 11. e4 f4 12. b3 g5 13. Ne1 Qc7 14. g4 Nef6 15. h3
Nc5 16. Qe2 Rd8 17. Bb2 Be6 18. Rd1 Rxd1 19. Qxd1 Rd8 20. Qe2 Bf7 21. f3 Qd6
22. Kh2 Ne6 23. Nc2 Nd4 24. Nxd4 exd4 25. e5 d3 26. exd6 dxe2 27. dxe7 exf1=N+
28. Bxf1 Rd2+ 0-1

[Event "26. Copenhagen Open  (Politiken Cup)"]
[Site "Taastrup"]
[Date "2004.07.26"]
[Round "4"]
[White "Naes, Flovin Tor"]
[Black "Malmberg, Mio"]
[Result "1-0"]
[WhiteElo "2269"]
[BlackElo "2114"]
[PlyCount "149"]
[EventDate "2004.07.24"]
[EventType "swiss"]
[EventRounds "10"]
[EventCountry "DEN"]
[SourceDate "2004.01.01"]

1. g3 c5 2. c4 Nc6 3. Bg2 g6 4. Nf3 Bg7 5. O-O e5 6. Nc3 d6 7. d3 Nge7 8. a3 a5
9. Rb1 O-O 10. Ne1 Be6 11. Nc2 d5 12. cxd5 Nxd5 13. Ne3 Nde7 14. Ne4 b6 15. Ng5
Bc8 16. Bd2 h6 17. Ne4 Rb8 18. Bc3 Be6 19. b4 cxb4 20. axb4 axb4 21. Bxb4 Nxb4
22. Rxb4 Nc6 23. Nf6+ Qxf6 24. Bxc6 Bh3 25. Bg2 Bxg2 26. Nxg2 Rfc8 27. Qb3 Bf8
28. Rb5 Rc5 29. Ne3 Kg7 30. Nc4 Rxb5 31. Qxb5 Bc5 32. Nd2 Qe7 33. Ne4 Bb4 34.
Rb1 Ba5 35. Qc6 Rd8 36. Rb5 f5 37. Nc5 Kh7 38. Nb7 Rd7 39. Nxa5 bxa5 40. Rxa5
Rb7 41. Qd5 e4 42. Ra8 Qg7 43. dxe4 Rd7 44. Qc6 Rc7 45. Qa4 fxe4 46. Qxe4 Re7
47. Qc4 Rb7 48. Re8 Rc7 49. Qe4 Ra7 50. Kg2 Rd7 51. h4 h5 52. e3 Rf7 53. Qe5
Qxe5 54. Rxe5 Kg7 55. Re6 Rf5 56. e4 Rf8 57. Rd6 Kf7 58. Kf1 Rb8 59. Ke2 Rb3
60. Rd3 Rb2+ 61. Ke3 Ke6 62. Rd2 Rb8 63. Kf4 Rb5 64. Rd5 Rb2 65. f3 Rb3 66. Rd4
Rb5 67. Rd3 Ra5 68. Rb3 Rc5 69. Rb6+ Kf7 70. Rd6 Rc3 71. e5 Rb3 72. Rf6+ Kg7
73. Kg5 Kh7 74. Rf7+ Kg8 75. Kxg6 1-0